000 00743nam a2200229 a 4500
005 20140310183540.0
008 111111s19uu xx 00 eng d
020 _a9781412975568
050 _aLB 1523
_b.Sm59 2010
100 _aSmutny, Joan F.
245 _aDifferentiating for the young child :
_bteaching strategies across the content areas, PreK-3 /
_cJoan Franklin Smutny.
250 _a2nd ed.
260 _aCalifornia :
_bCorwin Press,
_c2010.
300 _a261 p. :
_bill. ;
_c25 cm.
521 _aEDU
650 _aEducation, Primary
_xCurricula
650 _aEarly childhood education
_xCurricula
650 _aIndividualized instruction
650 _aCognitive styles in children
942 _cBK
_2lcc
_kFOR
999 _c24781
_d24781